| 000 | 00542pam a2200193 a 4500 | ||
|---|---|---|---|
| 020 |
_a1556424671 _c8147.16 |
||
| 041 |
_aeng _hNULL |
||
| 082 |
_a617.7 _bBUR/OSH |
||
| 100 | _aBURATTO, L . | ||
| 245 |
_aCATARACT SURGERY IN COMPLICATED CASES / _cNULL. _hTextual Documents |
||
| 260 |
_aNULL : _bJAYPEE BROTHERS MEDICAL PUB. , _c2000. |
||
| 300 |
_a466 : _bxi ; _cNULL . |
||
| 365 | _a8147.16 | ||
| 504 | _aOPTHALMOLOGY | ||
| 653 | _aOPHTHALMOLOGY | ||
| 700 |
_aOSHER, R . _aMASKET, S . |
||
| 930 | _a1302 | ||
| 999 |
_c795838 _d795838 |
||